| 000 | 00408nam a2200169Ia 4500 | ||
|---|---|---|---|
| 003 | IEPS | ||
| 005 | 20250703135250.0 | ||
| 008 | 250223s9999||||xx |||||||||||||| ||und|| | ||
| 040 | _CIEPS | ||
| 041 | _aara | ||
| 082 | _a355 | ||
| 245 | 0 | _aالجيش | |
| 260 |
_aالجزائر _bالمطبعة المركزية للجيش _c1983 |
||
| 300 |
_a58 ص. _c24 سم. |
||
| 653 | _aالجيش | ||
| 942 | _cكتاب | ||
| 999 |
_c11773 _d11773 |
||